000 00815cam a2200241 a 4500
001 112
003 BR-CuiBMT
005 20231110002455.0
008 230816s2023 mgba 000 0 por d
020 _a9786555184815
040 _aBR-CuiBMT
_cBR-CuiBMT
080 _22007
_a657.63
090 _a657.63
_bS231c
_c2. ed.
100 1 _aSant ´Anna, Diocesio
245 1 0 _aConsultoria em auditoria governamental :
_bo que é, para que serve, como fazer /
_cDiocesio Sant´Anna ; prefácio Cristiane Casagrande, Paulo Gomes.
250 _a2. ed., rev., ampl. e atual.
260 _aBelo Horizonte :
_bFórum,
_c2023.
300 _a181 p. :
_bil. ;
_c22 cm
504 _aInclui bibliografia.
650 _aAuditoria governamental
_xConsultoria
_zBrasil
650 _aAdministração pública
_xAuditoria
942 _2udc
_cLV
999 _c112
_d112